|
|
|
|
| LEADER |
00940nam a2200241 a 4500 |
| 001 |
8143460 |
| 008 |
090712r2004 ii b 001 0 eng d |
| 010 |
|
|
|a unk82102261
|
| 020 |
|
|
|a 9788174762283
|
| 020 |
|
|
|a 8174762280
|
| 040 |
|
|
|a DLC
|c CarP
|d DLC
|
| 082 |
0 |
0 |
|a 820
|2 22
|
| 100 |
1 |
|
|a Woolf, Virginia,
|d 1882-1941.
|
| 245 |
0 |
2 |
|a A room of one's own/
|c Virginia,Woolf.
|
| 260 |
|
|
|a New Delhi:
|b USBPD,
|c 2004
|
| 300 |
|
|
|a xii,118 p. ;
|c 20 cm.
|
| 541 |
1 |
|
|e 00013059
|
| 650 |
|
0 |
|a English Literature.
|
| 852 |
4 |
|
|a Ayesha Abed Library
|j General Shelf.500
|
| 942 |
0 |
0 |
|0 2
|
| 999 |
|
|
|c 2394
|d 2394
|
| 952 |
|
|
|0 0
|1 0
|2 ddc
|4 0
|6 820_000000000000000_WOO
|7 0
|9 2214
|a BRACUL
|b BRACUL
|c GEN
|d 2009-07-14
|g 190.00
|l 17
|m 94
|o 820 WOO
|p 3010013059
|r 2025-08-25
|s 2025-08-10
|t 1
|v 380.00
|w 2009-07-14
|y BK
|
| 952 |
|
|
|0 0
|1 0
|2 ddc
|4 0
|6 820_000000000000000_WOO
|7 0
|9 7665
|a BRACUL
|b BRACUL
|c GEN
|d 2010-02-01
|g 190.00
|l 16
|m 115
|o 820 WOO
|p 3010013058
|r 2026-03-08
|s 2025-09-24
|t 2
|w 2010-02-01
|y BK
|